000 00981nam a2200229 a 4500
001 BRL_1690
005 20190320211326.0
008 280414s1991----mx-a######---#000-0#spa-#
020 _a9686415157
041 _aspa
044 _amx
050 4 _aF1294
_b.S26 1991
100 1 _aSantos Santos, Pedro Antonio
_d1854-1922
_927637
245 1 0 _aHistoria antigua de los tres partidos de la Huasteca Potosina
_bmemorias de un criollo : apuntes históricos y biográficos que forma el subscrito, de la región Huasteca, sacados de documentos auténticos y recabados de personas idóneas que fueron testigos oculares de los acontecimientos a que me voy a referir
_cPedro Antonio Santos Santos.
260 _aSan Luis Potosí
_bArchivo Histórico del Estado de San Luis Potosí
_c1991
300 _avii, 101 p.
_bil.
_c23 cm.
500 _aAu2129
500 _aIncluye índice onomástico
651 4 _aHuasteca (Mexico : Región)
_xHistoria
_927638
902 _aGRL
942 _2lcc
_cB
999 _c10498
_d10498